000 00510nam a2200193 a 4500
001 9666
005 20180713193701.0
008 140415s1985 mx 000 0 spa d
041 _aspa
082 _a301
_bCHI
100 1 _aCHINOY, ELY
245 1 3 _aLA SOCIEDAD :
_bUNA INTRODUCCION A LA SOCIOLOGIA
250 _a1a ed.
260 _aMEXICO :
_bFCE,
_c1985
300 _a423
490 _aSECCION DE OBRAS DE SOCIOLOGIA
650 1 4 _aSOCIOLOGIA
700 1 _aLOPEZ CAMARA, FRANCISCO
_etr.
999 _c9666
_d9666